Východoslovenský odevák dvojtýždenník CZV KSS a vedenie n.p. OZKN v Prešove

Podrobná bibliografia
Predchádzajúci názov:Prešovský odevák
Médium: Noviny
Jazyk:slovenčina
Fyzický popis:zv. 43 cm
Vydavateľské údaje: Prešov Odevné závody kpt. Nálepku 1958-[1991]
Predmet:

MARC

LEADER 00000cas a2200000 a 4500
001 vtls001339112
003 SK-MaSNL
005 20260228164010.0
008 980811d19581991xo zr|ne 0 0b0slo
035 |a SNK000292171 
040 |a SNK  |b slo  |c SNK  |e AACR2 
041 0 |a slo 
044 |a xo  |c SK 
080 |a 677  |2 2011 
080 |a 050  |2 2001 
080 |a 070.489  |2 2001 
245 0 0 |a Východoslovenský odevák  |b dvojtýždenník CZV KSS a vedenie n.p. OZKN v Prešove 
260 |a Prešov  |b Odevné závody kpt. Nálepku  |c 1958-[1991] 
300 |a zv.  |c 43 cm 
310 |a 26x ročne 
362 0 |a Roč. 10, č. 20 (18. okt. 1958)-[1991] 
650 0 7 |a textilný priemysel  |2 SNKPH  |9 51332 
655 7 |a podnikové časopisy  |2 SNKPH  |9 265225 
780 0 0 |t Prešovský odevák  |w vtls010302031 
850 |a Slovenská národná knižnica v Martine 
910 |a snk 
999 |c 11892  |d 13822 
952 |0 0  |1 0  |4 0  |7 0  |a SNK  |b SNK  |d 1997-11-26  |l 0  |o snkČSA 292/1990  |p 17A0110686  |r 2005-01-02 00:00:00  |w 2026-02-21  |y PREZ 
952 |0 0  |1 0  |4 0  |7 0  |a SNK  |b SNK  |d 1998-08-11  |l 0  |o snkČSA 292/22/1970  |p 17A0154880  |r 2005-01-02 00:00:00  |w 2026-02-21  |y PREZ 
952 |0 0  |1 0  |4 0  |7 0  |a SNK  |b SNK  |d 1998-08-11  |l 0  |o snkČSA 292/21/1969  |p 17A0154863  |r 2005-01-02 00:00:00  |w 2026-02-21  |y PREZ 
952 |0 0  |1 0  |4 0  |7 0  |a SNK  |b SNK  |d 1998-08-11  |l 0  |o snkČSA 292/1968  |p 17A0154885  |r 2005-01-02 00:00:00  |w 2026-02-21  |y PREZ 
952 |0 0  |1 0  |4 0  |7 0  |a SNK  |b SNK  |d 1997-01-08  |l 0  |o snkČSA 292/41/1989  |p 17A0030201  |r 2005-01-01 00:00:00  |w 2026-02-21  |y PREZ